00443nam a2200121Ia 4500008004100000041000800041080003600049245017500085260000900260300001000269003000900279040003300288180921t1986 xxu||||| ||||o00| 0 eng d aeng aActs Of Sri Lanka Nos.1-45 1986 aActs of Sri Lanka : Parliment of The Democratic Socialist Republic of Sri Lanka Siri Anuradhapura Bastian Pilgrims Rest Management Society ( Repeal ) Act, No.40 of 1986 c1986 a23 cmLK-CoDNM aLK-CoDNMdLK-CoDNMeLK-CoDNM